[Event "79th GEO-ch 2020"]
[Site "Tbilisi"]
[Date "2020.01.30"]
[Round "1.2"]
[White "Maghalashvili, Davit"]
[Black "Nigalidze, Gaioz"]
[Result "0-1"]
[WhiteElo "2473"]
[BlackElo "2474"]
[Annotator "TA"]
[PlyCount "148"]
[EventDate "2020.01.29"]
[EventType "k.o."]
[EventCountry "GEO"]
[SourceTitle "playchess.com"]
[Source "ChessBase"]
[SourceQuality "1"]

{[%evp 21,148,50,56,59,47,60,72,54,88,36,35,35,52,0,0,-39,-38,-77,-33,-113,-148,-134,-133,-118,-120,-127,-79,-126,-125,-127,-137,-125,-92,-175,-167,-170,-163,-170,-160,-182,-172,-169,-154,-270,-136,-178,-178,-164,-97,-89,-64,-165,-165,-173,-165,-165,-165,-165,-165,-165,-95,-240,0,-240,-240,-240,-237,-240,-229,-510,-611,-598,-550,-535,-491,-332,0,-95,-95,-102,-102,-102,-102,-102,-8,-102,-8,-8,-8,-19,-8,-8,-8,-19,-26,-29970,-29966,-29966,-29971,-29963,-29968,-29966,-29966,-29970,-29972,-29966,-29971,-29966,-29968,-29973,-29976,-29974,-29977,-29979,-29980,-29980,-29981,-29981,-29982,-29990,-29983,-29990,-29991,-29992,-29993,-29993,-29994,-29994,-29990]} 1. e4 c5 2. Nf3 Nc6 3. d4 cxd4 4. Nxd4 Nf6 5. Nc3 e5 6. Ndb5 d6 7. Bg5 a6 8. Na3 b5 9. Bxf6 gxf6 10. Nd5 Bg7 11. Bd3 Be6 12. Ne3 {B33: Sicilian: Pelikan and Sveshnikov Variations.} Bh6 13. O-O Bxe3 14. fxe3 {[#] White is better.} h5 $146 ({Predecessor:} 14... Rg8 15. c3 Rg6 16. Nc2 Qb6 17. Kh1 a5 18. a3 Ke7 19. Qe2 Rc8 20. Rf2 Na7 {1-0 (46) Tatar Kis,S (2411)-Czebe,A (2481) Balatonlelle 2004}) 15. c3 (15. Nb1 $16) 15... Ke7 $14 16. Nc2 Qb6 17. a4 (17. Rf2 $14) 17... bxa4 $11 18. Rxa4 Qxb2 19. Nb4 Qxc3 20. Nd5+ (20. Qe1 $15 Qxe1 21. Nxc6+ Kd7 22. Nxe5+ $1 {[%mdl 512]} fxe5 23. Rxe1) 20... Bxd5 $1 $17 21. exd5 Nb4 22. Qf3 Rh6 $1 ({Don't blunder} 22... Nxd3 $2 23. Qxf6+ Kd7 24. Qxf7+ Kd8 25. Qf6+ Kc7 26. Qe7+ Kc8 27. Qe6+ Kd8 28. Qxd6+ Kc8 29. Qe6+ Kb8 30. Rb1+ Nb2 31. Qd6+ Kc8 32. Rb4 $18) 23. Bf5 Rb8 24. Raa1 Nc2 $1 {[%cal Rc2a1]} 25. Bxc2 Qxc2 26. Rxa6 Rb1 27. Ra7+ (27. Ra1 $17 {was worth a try.} e4 28. Qf2 Rxf1+ 29. Kxf1 Qd3+ 30. Kg1) 27... Kf8 $19 28. Ra1 Rxa1 29. Rxa1 {[%mdl 4096] Endgame KQR-KQR} Rg6 30. g3 Kg7 $1 31. Rf1 h4 $1 32. g4 (32. e4 $17) 32... Qd3 (32... e4 $19 33. Qf4 h3) 33. h3 e4 34. Qf2 Qc3 (34... Qxd5 $19 35. Qxh4 f5) 35. Kh1 $17 Rg5 36. Re1 (36. Rd1 $1 $15) 36... Rxd5 $19 37. Qxh4 Qe5 $36 {[%mdl 2048] White is under strong pressure.} 38. Re2 Rd1+ 39. Kg2 d5 {Threatens to win with ...d4.} 40. Qf2 Kg6 (40... Rb1 $19 41. h4 Rd1) 41. Rc2 (41. Rd2 $17 {is a better defense.} Rxd2 42. Qxd2) 41... Kg7 $2 ({Black should play} 41... d4 $19 {And now ...d3 would win.} 42. exd4 Rxd4) 42. Rd2 $2 (42. Re2 $1 $11 {and White stays safe.}) 42... Rxd2 $1 43. Qxd2 {KQ-KQ} f5 44. Qf2 Kg6 $1 45. Qh4 $2 (45. gxf5+ Qxf5 46. Qe2) 45... fxg4 46. hxg4 Qg5 47. Qg3 Qf6 48. Qh3 Qe5 $2 (48... Qb2+ $19 {has better winning chances.} 49. Kg3 Qe5+ 50. Kg2 Kg7) 49. Qh4 $17 Kg7 50. Qd8 Qf6 51. Qxd5 Qf3+ $1 {[%mdl 64] Double Attack} 52. Kh2 Qe2+ ({Of course not} 52... Qxe3 $6 53. Qe5+ f6 54. Qe7+ Kg8 55. Qe8+ Kh7 56. Qe7+ Kg8 57. Qe8+ Kh7 58. Qe7+ Kh6 59. Qxf6+ Kh7 60. Qf7+ Kh8 61. Qe6 $11) (52... Qxg4 $17 {...Qe2+ is the strong threat.} 53. Qb5 Kg6 54. Qb6+ Kh7) 53. Kh1 (53. Kh3 $11 {keeps the balance.}) 53... Qf1+ (53... Qxg4 $17 54. Qb3 f5) 54. Kh2 $11 Qf2+ 55. Kh3 Qxe3+ 56. Kh4 Qf4 {Strongly threatening ...e3.} 57. Kh3 $1 e3 {( -> ...e2)} 58. Qg2 $2 {[%mdl 8192]} (58. Qb5 $11) 58... Qh6+ {Black mates.} 59. Kg3 Qd6+ 60. Kh3 Qe5 $1 61. Qe2 Kh6 62. Kh4 f6 63. Kh3 Kg5 64. Kg2 {[#]} Qe4+ $1 65. Kg3 {[#]} Qf4+ $1 66. Kh3 Qf2 67. Qb5+ f5 68. Qd5 Qf1+ 69. Kh2 Qe2+ 70. Kh1 Qxg4 71. Qd8+ Kf4 72. Qd6+ Kf3 {[%csl Gf3][%cal Rg4g2]} 73. Qd1+ Kf2 {[%cal Rg4h4]} 74. Qc2+ Qe2 {Accuracy: White = 56%, Black = 72%.} 0-1

[Event "79th GEO-ch 2020"]
[Site "Tbilisi"]
[Date "2020.01.30"]
[Round "1.2"]
[White "Sanikidze, Tornike"]
[Black "Sturua, Zurab"]
[Result "1/2-1/2"]
[WhiteElo "2451"]
[BlackElo "2530"]
[Annotator "TA"]
[PlyCount "71"]
[EventDate "2020.01.29"]
[EventType "k.o."]
[EventCountry "GEO"]
[SourceTitle "playchess.com"]
[Source "ChessBase"]
[SourceQuality "1"]

{[%evp 11,71,22,27,14,35,24,27,23,29,29,27,26,36,46,62,23,20,-4,-2,-2,0,0,-9,-16,0,0,0,0,18,0,11,0,8,0,0,0,0,-11,0,0,0,0,0,0,0,0,0,0,0,0,34,0,0,0,0,0,0,0,0,0,0,0]} 1. d4 e6 2. c4 b6 3. Nc3 Bb7 4. a3 f5 5. d5 Nf6 6. g3 Bd6 7. Bg2 {A40: Unusual replies to 1 d4} O-O 8. Nf3 Na6 9. b4 {White has an edge.} c6 {[%cal Rc6d5]} 10. dxc6 dxc6 11. O-O c5 12. Nb5 Be7 {[#]} 13. Qxd8 $146 ({Predecessor:} 13. Qb3 Qc8 14. Rd1 Be4 15. Nd6 Bxd6 16. Rxd6 Rd8 17. Rxd8+ Qxd8 18. Bf4 Qe7 19. b5 {½-½ (44) Seres,L (2445)-Jamrich,G (2275) Budapest 1998}) 13... Rfxd8 14. Ng5 Bxg2 15. Kxg2 e5 16. Nf3 Nd7 17. Bg5 Re8 {[#] ...e4 is the strong threat.} 18. Bxe7 Rxe7 19. Nc3 {Hoping for Nd5.} Nf6 20. b5 Nc7 21. a4 e4 22. Nh4 g6 23. a5 Rd8 24. Na4 Rd6 25. Kg1 Ne6 26. axb6 axb6 27. Rfd1 Red7 28. Rxd6 Rxd6 29. Ng2 Nd4 30. Nc3 Ng4 (30... Nb3 $5 {[%cal Rb3a1]} 31. Ra8+ Kf7 $11) 31. Ne3 Nxe3 $1 {The position is equal.} 32. fxe3 Nb3 $1 {[%cal Rb3a1]} 33. Ra8+ Kg7 34. Na4 Nd2 35. Nb2 Nb3 36. Na4 {Accuracy: White = 93%, Black = 95%.} 1/2-1/2

[Event "79th GEO-ch 2020"]
[Site "Tbilisi"]
[Date "2020.01.30"]
[Round "1.2"]
[White "Akhvlediani, Irakli"]
[Black "Arutinian, David"]
[Result "1/2-1/2"]
[WhiteElo "2353"]
[BlackElo "2551"]
[Annotator "ChessBase"]
[PlyCount "59"]
[EventDate "2020.01.29"]
[EventType "k.o."]
[EventCountry "GEO"]
[SourceTitle "playchess.com"]
[Source "ChessBase"]
[SourceQuality "1"]
[TimeControl "40/5400+30:1800+30"]

1. d4 Nf6 {[%emt 0:00:17]} 2. c4 {[%emt 0:11:00]} e6 {[%emt 0:00:13]} 3. Nf3 {[%emt 0:00:03]} b6 {[%emt 0:00:18]} 4. g3 {[%emt 0:01:15]} Bb7 {[%emt 0:00:10]} 5. Bg2 {[%emt 0:00:05]} Be7 {[%emt 0:00:12]} 6. O-O {[%emt 0:00:04]} O-O {[%emt 0:00:11]} 7. Re1 {[%emt 0:00:02]} Na6 {[%emt 0:00:18]} 8. Nc3 {[%emt 0:00:48]} d5 {[%emt 0:02:10]} 9. cxd5 {[%emt 0:00:09]} exd5 {[%emt 0:00:13]} 10. Bf4 {[%emt 0:02:42]} c5 {[%emt 0:00:17]} 11. dxc5 {[%emt 0:06:55]} Nxc5 {[%emt 0:01:18]} 12. Nd4 {[%emt 0:05:41]} Nfe4 {[%emt 0:04:07]} 13. Rc1 {[%emt 0:08:46]} Nxc3 {[%emt 0:18:31]} 14. Rxc3 {[%emt 0:00:43]} a5 {[%emt 0:00:08]} 15. Nf5 {[%emt 0:06:59]} Ne6 {[%emt 0:13:06]} 16. Rd3 {[%emt 0:12:42]} Bb4 {[%emt 0:05:08]} 17. Bd2 {[%emt 0:07:02]} Qf6 {[%emt 0:01:44]} 18. Ne3 {[%emt 0:16:31]} d4 {[%emt 0:06:08]} 19. Nd5 {[%emt 0:05:52]} Bxd5 {[%emt 0:00:47]} 20. Bxd5 {[%emt 0:00:01]} Bxd2 {[%emt 0:01:14]} 21. Qxd2 {[%emt 0:03:55]} Rad8 {[%emt 0:00:15]} 22. Bxe6 {[%emt 0:00:17]} fxe6 {[%emt 0:00:39]} 23. Rf3 {[%emt 0:00:03]} Qe5 {[%emt 0:03:52]} 24. Rxf8+ {[%emt 0:00:05]} Rxf8 {[%emt 0:00:58]} 25. Rd1 {[%emt 0:01:13]} Rd8 {[%emt 0:00:07]} 26. e3 {[%emt 0:02:40]} d3 {[%emt 0:00:12]} 27. Qc3 {[%emt 0:02:12]} Qd5 {[%emt 0:05:11]} 28. Qc7 {[%emt 0:00:54]} e5 {[%emt 0:00:38]} 29. Qxb6 {[%emt 0:02:36]} e4 {[%emt 0:00:07]} 30. Qb3 {[%emt 0:02:09]} 1/2-1/2

[Event "79th GEO-ch 2020"]
[Site "Tbilisi"]
[Date "2020.01.30"]
[Round "1.2"]
[White "Lomsadze, Davit"]
[Black "Gagunashvili, Merab"]
[Result "0-1"]
[WhiteElo "2306"]
[BlackElo "2580"]
[Annotator "ChessBase"]
[PlyCount "70"]
[EventDate "2020.01.29"]
[EventType "k.o."]
[EventCountry "GEO"]
[SourceTitle "playchess.com"]
[Source "ChessBase"]
[SourceQuality "1"]
[TimeControl "40/5400+30:1800+30"]

1. f4 {[%emt 0:00:00]} d5 {[%emt 0:00:10]} 2. Nf3 {[%emt 0:00:03]} g6 {[%emt 0:00:29]} 3. d4 {[%emt 0:01:02]} Bg7 {[%emt 0:00:44]} 4. e3 {[%emt 0:00:06]} Nf6 {[%emt 0:03:20]} 5. Bd3 {[%emt 0:02:49]} O-O {[%emt 0:00:56]} 6. O-O {[%emt 0:00:07]} c5 {[%emt 0:00:25]} 7. c3 {[%emt 0:00:10]} b6 {[%emt 0:00:48]} 8. Nbd2 {[%emt 0:01:41]} Ba6 {[%emt 0:00:57]} 9. Bxa6 {[%emt 0:04:28]} Nxa6 {[%emt 0:00:13]} 10. a4 {[%emt 0:01:42]} Nc7 {[%emt 0:01:34]} 11. Ne5 {[%emt 0:03:27]} Nce8 {[%emt 0:02:15]} 12. b4 {[%emt 0:02:37]} cxb4 {[%emt 0:14:58]} 13. cxb4 {[%emt 0:02:04]} a6 {[%emt 0:02:43]} 14. Ba3 {[%emt 0:06:56]} Nd6 {[%emt 0:01:20]} 15. Qe2 {[%emt 0:04:57]} b5 {[%emt 0:03:42]} 16. Nb3 {[%emt 0:01:59]} Nfe4 {[%emt 0:07:33]} 17. Nc5 {[%emt 0:03:58]} Nc3 {[%emt 0:10:53]} 18. Qd3 {[%emt 0:12:04]} Nxa4 {[%emt 0:01:24]} 19. Nxa4 {[%emt 0:03:39]} bxa4 {[%emt 0:00:09]} 20. Bc1 {[%emt 0:00:25]} f6 {[%emt 0:12:20]} 21. Nc6 {[%emt 0:05:23]} Qd7 {[%emt 0:00:35]} 22. Na5 {[%emt 0:00:02]} Qb5 {[%emt 0:00:48]} 23. Qa3 {[%emt 0:01:17]} e5 {[%emt 0:05:23]} 24. Qxa4 {[%emt 0:03:11]} exd4 {[%emt 0:04:20]} 25. exd4 {[%emt 0:00:28]} Rac8 {[%emt 0:01:15]} 26. f5 {[%emt 0:05:53]} Nxf5 {[%emt 0:01:29]} 27. Nb3 {[%emt 0:01:03]} Rc4 {[%emt 0:01:02]} 28. Qxb5 {[%emt 0:02:08]} axb5 {[%emt 0:00:05]} 29. Re1 {[%emt 0:00:34]} Rxb4 {[%emt 0:02:27]} 30. Nc5 {[%emt 0:01:05]} Nxd4 {[%emt 0:00:49]} 31. Re7 {[%emt 0:01:26]} Rc4 {[%emt 0:00:59]} 32. Bb2 {[%emt 0:01:00]} Nf5 {[%emt 0:02:06]} 33. Rc7 {[%emt 0:00:04]} Bh6 {[%emt 0:03:28]} 34. Ne6 {[%emt 0:01:24]} Re8 {[%emt 0:00:25]} 35. Rd7 {[%emt 0:03:49]} Rxe6 {[%emt 0:01:49]} 0-1

[Event "79th GEO-ch 2020"]
[Site "Tbilisi"]
[Date "2020.01.31"]
[Round "1.3"]
[White "Jojua, Davit"]
[Black "Morchiashvili, Bachana"]
[Result "1-0"]
[WhiteElo "2563"]
[BlackElo "2312"]
[Annotator "TA"]
[PlyCount "91"]
[EventDate "2020.01.29"]
[EventType "k.o."]
[EventCountry "GEO"]
[SourceTitle "playchess.com"]
[Source "ChessBase"]
[SourceQuality "1"]

{[%evp 30,91,56,40,78,85,87,82,78,74,79,30,83,41,104,95,97,88,87,49,64,79,106,117,125,113,102,108,277,233,278,300,593,543,573,546,818,814,798,765,915,898,858,878,791,551,605,587,731,717,691,689,568,428,398,415,417,180,29976,29977,29977,29978,29990,29980]} 1. d4 Nf6 2. c4 g6 3. g3 Bg7 4. Bg2 O-O 5. Nc3 d6 6. Nf3 Nbd7 7. O-O e5 8. e4 c6 9. h3 exd4 10. Nxd4 Re8 11. Be3 a5 12. Qc2 a4 13. Rad1 Qa5 14. Rfe1 Nc5 15. f4 Nfd7 16. Bf2 a3 {Threatening ...axb2. E69: King's Indian: Fianchetto: 6...Nbd7 7 0-0 e5 8 e4 c6 9 h3} 17. b3 Na6 18. Nde2 Nb4 {White is better.} 19. Qb1 Bf8 {[#]} 20. Na4 $146 ({Predecessor:} 20. g4 Nc5 21. f5 Qc7 22. Bg3 Bd7 23. Rd2 Rad8 24. Red1 {½-½ (38) Collins,J-Byrne,R Cleveland 1957}) 20... Qc7 (20... d5 $11) 21. Rd2 b6 (21... Nc5 $14) 22. Red1 $16 Nc5 23. Nec3 f5 24. Nxc5 bxc5 25. Qc1 Qg7 {[#]} 26. exf5 $1 Bxf5 27. g4 Be6 28. Ne4 h6 $2 (28... Bf7 $16 29. Qa1 (29. Nxd6 Bxd6 30. Rxd6 Nxa2 $11) 29... Qxa1 30. Rxa1 Red8) 29. Qb1 $18 (29. Nxd6 Bxd6 30. Rxd6 Nxa2 $16) 29... h5 30. Nxd6 Bxd6 $2 (30... hxg4 {keeps fighting.} 31. Nxe8 Rxe8 32. hxg4 Bxg4) 31. Rxd6 hxg4 32. hxg4 Bf7 33. Bxc5 Rab8 34. Bd4 Qh6 35. Bf3 Rbd8 36. g5 Qh7 37. Be5 Rxd6 38. Rxd6 ({Less strong is} 38. Bxd6 Qh3 $18) 38... Be6 39. Qe1 c5 40. Ba1 Bf7 41. Qd2 {Black must now prevent Rd8.} Qh3 {Strongly threatening ...Qg3+.} 42. Bg2 Qg3 43. Rd8 (43. Bc3 $142) 43... Kh7 $2 (43... Nd3 $18 44. Qxd3 Qe1+ 45. Bf1 Qxa1 46. Rxe8+ Bxe8) 44. Rxe8 {White mates.} Bxe8 {[#]} 45. Qe2 $1 Bf7 46. Qe5 {Accuracy: White = 75%, Black = 41%.} 1-0

[Event "79th GEO-ch 2020"]
[Site "Tbilisi"]
[Date "2020.01.31"]
[Round "1.3"]
[White "Quparadze, Giga"]
[Black "Shanava, Konstantine"]
[Result "1/2-1/2"]
[WhiteElo "2462"]
[BlackElo "2507"]
[Annotator "TA"]
[PlyCount "136"]
[EventDate "2020.01.29"]
[EventType "k.o."]
[EventCountry "GEO"]
[SourceTitle "playchess.com"]
[Source "ChessBase"]
[SourceQuality "1"]

{[%evp 28,136,56,27,33,32,34,35,31,35,38,28,41,0,0,0,16,8,23,22,20,18,93,97,108,34,41,0,0,0,0,0,0,0,6,0,0,0,0,-17,-17,-16,-16,-16,-28,-23,-20,-75,-75,-133,-133,-133,-133,-171,-133,-133,-75,-133,-134,-134,-75,-199,-131,-136,-75,-75,-75,-75,-75,-467,-467,-645,-629,-1260,-1185,-1251,-1195,-938,-867,-12835,-1726,-12830,-2998,-12840,-12840,-12841,-12842,-12841,-12838,-12837,-12837,-12840,-12840,-12841,-12841,-12841,-12842,-12842,0,0,0,0,0,0,0,0,0,0,0,0,0]} 1. e4 c5 2. Nf3 d6 3. d4 cxd4 4. Nxd4 Nf6 5. Nc3 Nc6 6. Bg5 e6 7. Qd2 a6 8. O-O-O Bd7 9. f4 h6 10. Bh4 Nxe4 11. Qe1 Nf6 12. Nf5 Qa5 13. Nxd6+ Bxd6 14. Rxd6 Qc7 15. Qd2 O-O-O {B67: Sicilian: Richter-Rauzer: 7...a6 8 0-0-0 Bd7, lines without 9 f4 Be7} 16. Be2 Ne7 17. Rd1 Nf5 {White is slightly better.} 18. Bxf6 $1 gxf6 19. Rd3 Bc6 20. g4 Nh4 21. h3 Ng6 22. Rf1 $1 Ne7 23. Qe3 Rxd3 24. Bxd3 Rd8 (24... f5 $11 {remains equal.}) 25. f5 $1 $16 exf5 26. Qxh6 (26. Bxf5+ $16 Kb8 27. Bd3 (27. Qxh6 Bg2 $14)) 26... Qg3 $14 27. Bxf5+ (27. gxf5 {feels hotter.} Bg2 28. Rd1 Ng8 29. Qd2 Bxh3 30. Ne4) 27... Nxf5 28. gxf5 Qg5+ 29. Qxg5 fxg5 $11 {[%mdl 4096] Endgame KRB-KRN} 30. Re1 Rh8 31. Re7 f6 32. Rf7 Rxh3 33. Rxf6 g4 34. Rg6 g3 35. Ne2 g2 36. Kd2 Rh1 37. b3 (37. b4 $11 {keeps the balance.}) 37... Rf1 $17 {[%mdl 1024] Black has strong compensation.} 38. f6 (38. b4 $142) 38... Kd7 39. Ke3 Ke8 40. Rg3 Kf7 ({Weaker is} 40... Rxf6 41. Nf4 $16) 41. a4 Kxf6 ({Better is} 41... a5 42. Rg7+ Kxf6) 42. Rg4 (42. a5 $142) 42... Ke7 43. Rg5 {[#]} Kd6 (43... a5 $142 $1 {[%mdl 512]} 44. Rg6 (44. Rxa5 Kf6) 44... Bf3) 44. Rg3 {[#]} (44. a5 $17) 44... Kc5 $1 $19 45. c3 Kd6 (45... a5 $142 46. Rg5+ Kd6) 46. a5 $17 Ke7 47. b4 Kf7 48. c4 $2 {[%mdl 8192]} (48. Rg5 $17 {is tougher.}) 48... Rb1 $19 49. Kf2 Rxb4 50. Nd4 Rb2+ 51. Ne2 Ra2 52. Rg4 Rxa5 53. Nd4 Ra2+ (53... Ra1 $142 54. Nxc6 g1=R 55. Rxg1 Rxg1 56. Nd8+ Ke7 57. Nxb7 Rc1) 54. Ke3 Ra3+ 55. Kf4 Rc3 56. Ke5 Rxc4 57. Rf4+ Kg6 58. Rg4+ Kh5 59. Rg7 {[#]} Rxd4 $1 60. Kxd4 {[#] KR-KB} a5 $1 {[%cal Ba6a5,Ba5a4][%mdl 32]} 61. Ke3 a4 62. Kf2 Kh6 $2 (62... a3 $19 {( -> ...a2)} 63. Rh7+ Kg4 64. Rg7+ Kf5 65. Rf7+ Ke6) 63. Rg8 $11 {The position is equal.} b5 64. Rd8 {Rd6+ is the strong threat.} Be4 {aiming for ...a3.} (64... Kg5 $5 65. Rc8 $8 Be4 66. Rc5+ {[%mdl 64] Double Attack} Kf6 67. Rxb5 Ke6 $11) 65. Rd4 Bc2 66. Rd6+ Kg7 (66... Kg5 $5 67. Rd5+ $8 {[%mdl 64] Double Attack} Kg4 $11) 67. Rd5 b4 68. Rd4 b3 {Accuracy: White = 61%, Black = 83%.} 1/2-1/2

[Event "79th GEO-ch 2020"]
[Site "Tbilisi"]
[Date "2020.01.29"]
[Round "1.3"]
[White "Morchiashvili, Bachana"]
[Black "Jojua, Davit"]
[Result "0-1"]
[WhiteElo "2312"]
[BlackElo "2563"]
[Annotator "TA"]
[PlyCount "58"]
[EventDate "2020.01.29"]
[EventType "k.o."]
[EventCountry "GEO"]
[SourceTitle "playchess.com"]
[Source "ChessBase"]
[SourceQuality "1"]

{[%evp 25,58,22,35,27,17,21,13,-41,-37,-40,-45,-52,-40,-50,-54,-57,-17,-44,-17,-17,-23,-18,-19,-133,-136,-115,-115,-463,-456,-755,-753,-1128,-1125,-29984,-1035]} 1. d4 Nf6 2. c4 g6 3. Nc3 Bg7 4. e4 d6 5. Nf3 O-O 6. Be2 e5 7. O-O Nc6 8. d5 Ne7 9. b4 a5 10. Ba3 b6 11. bxa5 Rxa5 12. Bb4 Ra8 13. a4 Nh5 14. a5 {E97: King's Indian: Classical Main Line (6...e5 7 0-0 Nc6): 8 Be3 and 8 d5 Ne7, not 9 Ne1} (14. Re1 Nf4 15. Bf1 f5 16. Nb5 Bd7 17. Nd2 Bxb5 18. axb5 Rxa1 19. Qxa1 Nh5 20. g3 Nf6 21. Bh3 h5 {½-½ (35) Cori Tello,J (2549)-Radjabov,T (2733) Tromsoe 2013}) 14... bxa5 $1 15. Rxa5 Rb8 16. Nb5 (16. Ba3 $11) 16... c6 $1 $15 {[%cal Rc6b5] [#]} 17. Bxd6 $146 ({Predecessor:} 17. dxc6 Nxc6 18. Qxd6 Bb7 19. Ra2 Nxb4 20. Qxb4 Bxe4 21. Rd1 Qc8 {0-1 (35) Van Wely,L (2632)-Reizniece Ozola,D (2209) Puhajarve 2015}) 17... cxb5 18. Bxb8 Qxa5 19. d6 Nc6 20. Bc7 Qa2 21. cxb5 Nf4 22. bxc6 {And now Bb5 would win.} Nxe2+ 23. Kh1 {aiming for d7.} Nc3 $1 {[%csl LRd1,LRe4]} 24. Qd3 (24. Qd2 $11 {remains equal.} Qxd2 25. Nxd2) 24... Ba6 $17 {[%mdl 64] Skewer} 25. Qxc3 Bxf1 26. Kg1 $2 {[%mdl 8192]} (26. Qc5 $17) 26... Qb1 27. g4 (27. h3 $142 Bb5+ 28. Kh2 Qxe4 29. d7) 27... Bb5+ $19 28. Kg2 Qxe4 {[%mdl 64] Double Attack} 29. d7 Bxc6 {Accuracy: White = 30%, Black = 79%.} (29... Qxg4+ $142 30. Kh1 {[#]} e4 $1 {[%mdl 576] Discovered Attack} 31. Qe1 Qxf3+ 32. Kg1 Bxc6 33. Qe3 Qd1+ 34. Kg2 Bd4 35. d8=R Rxd8 36. Qf4 e3+ {[%mdl 64] Discovered Attack} 37. f3 e2 $1 {[%mdl 512]} 38. Be5 e1=Q 39. Bxd4 Qde2+ 40. Bf2 Q2xf2+ 41. Kh3 Bd7+ 42. Qg4 Qxf3# {[%mdl 64] Pin}) 0-1

[Event "79th GEO-ch 2020"]
[Site "Tbilisi"]
[Date "2020.01.29"]
[Round "1.4"]
[White "Arutinian, David"]
[Black "Akhvlediani, Irakli"]
[Result "1-0"]
[WhiteElo "2551"]
[BlackElo "2353"]
[Annotator "TA"]
[PlyCount "93"]
[EventDate "2020.01.29"]
[EventType "k.o."]
[EventCountry "GEO"]
[SourceTitle "playchess.com"]
[Source "ChessBase"]
[SourceQuality "1"]

{[%evp 16,93,14,12,10,18,16,0,27,37,72,82,83,62,54,27,35,48,36,26,84,78,80,102,85,75,105,16,16,2,8,6,7,0,70,70,70,70,70,70,70,70,72,71,80,77,77,70,73,62,112,111,128,80,133,133,131,128,153,153,212,211,217,212,210,200,353,345,306,291,601,584,502,380,317,295,573,600,2041,2139]} 1. Nf3 g6 2. g3 Bg7 3. Bg2 Nf6 4. O-O O-O 5. d4 d5 6. c4 c6 7. Nbd2 Bf5 8. b3 a5 9. Bb2 a4 {D78: Fianchetto Grünfeld: 6 0-0 c6} (9... Ne4 10. Nh4 Nxd2 11. Qxd2 Be6 12. Nf3 h6 13. cxd5 Bxd5 14. Qd3 a4 15. e4 Be6 16. b4 a3 17. Bxa3 Qb6 18. b5 Qxb5 19. Qxb5 cxb5 20. Bxe7 {½-½ (42) Rakhmanov,A (2645)-Kamsky,G (2677) Moscow 2019}) 10. Nh4 Be6 11. Qc2 Na6 {The position is equal.} 12. bxa4 Qc8 $146 ({Predecessor:} 12... dxc4 13. a3 Nd5 14. Nxc4 Nb6 15. Nxb6 Qxb6 16. Rab1 Ba2 17. Rbc1 {0-1 (41) Rudd,J (2281)-Turner,M (2519) Bridgend 2019}) 13. Rfc1 Rd8 14. cxd5 cxd5 15. Qb3 Qd7 $1 16. Nhf3 Ne4 17. Qb5 Bh6 (17... Nxd2 $11 {remains equal.} 18. Nxd2 Nb8) 18. e3 $16 Nxd2 19. Nxd2 Nb8 20. Rc5 Na6 {[%cal Bb8a6,Ba6b4,Bb4d3][%mdl 32]} 21. Qxd7 (21. Rc3 $16) 21... Bxd7 $11 22. Rxd5 Nb4 23. Rc5 {Strongly threatening Bc3.} Nd3 24. Rc2 ({Reject} 24. Bxb7 Ra7 $17) (24. Ba3 {with more complications.} Nxc5 25. Bxc5 e5 26. dxe5 Rxa4 27. Ne4) 24... Bxa4 (24... Rdc8 $11 25. Rxc8+ Rxc8) 25. Nb3 $36 {[%mdl 2048] White is pushing.} Bxb3 26. axb3 {[#] Rxa8 is the strong threat.} Nxb2 27. Rxa8 Rxa8 28. Rxb2 {[%mdl 4096] Endgame KRB-KRB} Ra1+ 29. Bf1 e6 30. Kg2 Bf8 31. Bb5 Bb4 32. Rc2 Ra8 33. Rc7 b6 34. Bc4 Rd8 (34... Ra2 $142) 35. Rb7 $16 Ba5 36. f4 h6 37. g4 Rd6 (37... Re8 $16 38. f5 Kf8 39. fxg6 fxg6) 38. f5 $18 gxf5 39. gxf5 Kf8 40. Kf3 Bc3 $2 {[#]} (40... b5) 41. Ke4 exf5+ 42. Ke5 Rg6 $2 (42... Rc6 43. Rxf7+ Ke8) 43. Bxf7 Rc6 44. Bd5 Rg6 45. Kxf5 Rd6 $2 (45... Rg1 46. Rxb6 Bd2) 46. Be6 Be1 47. d5 {Accuracy: White = 66%, Black = 44%.} 1-0